Opatrenia na znižovanie plytvania potravinami diplomová práca

Gespeichert in:
Bibliographische Detailangaben
1. Verfasser: Minarčíková, Laura
Körperschaft: Obchodná fakulta EU. Katedra marketingu
Weitere Verfasser: Krnáčová, Paulína, 1983-
Format: Buch
Sprache:Slowakisch
Veröffentlicht: Bratislava 2022
Tags: Tag hinzufügen
Keine Tags, Fügen Sie das erste Tag hinzu!

MARC

LEADER 00000nbm a2200000 4500
001 0284312
005 20221130083556.0
041 0 |a slo 
044 |a SK 
245 1 0 |a Opatrenia na znižovanie plytvania potravinami  |b diplomová práca  |c Laura Minarčíková ; školiteľ: Paulína Krnáčová 
264 1 |a Bratislava  |c 2022 
300 |a 69 s. 
100 1 |a Minarčíková, Laura 
700 1 |a Krnáčová, Paulína, 1983- 
710 2 |a Obchodná fakulta EU. Katedra marketingu